| 000 | 00635nam a2200229Ia 4500 | ||
|---|---|---|---|
| 003 | OSt | ||
| 005 | 20220924113100.0 | ||
| 006 | a|||||r|||| 00| 0 | ||
| 007 | ta | ||
| 008 | 220923b |||||||| |||| 00| 0 eng d | ||
| 024 | _a56640 | ||
| 037 | _cDictionary | ||
| 040 |
_aARTS _cARTS _beng |
||
| 041 |
_2eng _aeng |
||
| 082 | _aP121:4k, 111K4 | ||
| 245 | 0 |
_aCassell's Italian dictionary _b Italian English English Italian comp by Piero Rebora |
|
| 260 |
_aN _bYork Funk _c1964 |
||
| 300 |
_axxi, 1096p. _ccm. |
||
| 650 | _aLINGUISTICS | ||
| 942 |
_hP121:4k, 111K4 _cdic _2cc |
||
| 999 |
_c389171 _d389171 |
||